| 000 | 00000nas 2200000za 4500 |
| 001 | 9.846240 |
| 003 | CaOODSP |
| 005 | 20221107153143 |
| 007 | cr ||||||||||| |
| 008 | 171027c19929999oncar p or f0###a0eng|d |
| 040 | |aCaOODSP|beng |
| 041 | |aeng|afre |
| 043 | |an-cn- |
| 086 | 1 |aR32-119/1-PDF |
| 245 | 00|aGovernment training initiatives for First Nations |h[electronic resource]. |
| 246 | 13|aProjets gouvernementaux de formation à l'intention des Premières nations |
| 260 | |aOttawa : |bIndian and Northern Affairs Canada = Affaires indiennes et du Nord Canada, |c1992- |
| 310 | |aAnnual |
| 362 | 0 |a1992/1993- |
| 500 | |aDigitized edition from print [produced by Indigenous and Northern Affairs Canada]. |
| 546 | |aText in English and French. |
| 692 | 07|2gccst|aTraining |
| 692 | 07|2gccst|aIndians |
| 710 | 1 |aCanada. |bIndian and Northern Affairs Canada. |
| 780 | 00|tIndian/Inuit management courses |w(CaOODSP)9.846225 |
| 792 | |tGovernment training initiatives for First Nations |efre|w(CaOODSP)9.846241 |